Fundamentals of mathematics 1 / (Record no. 5804)
[ view plain ]
| 000 -LEADER | |
|---|---|
| fixed length control field | 00790nam a22002537i 4500 |
| 003 - CONTROL NUMBER IDENTIFIER | |
| control field | URS |
| 005 - DATE AND TIME OF LATEST TRANSACTION | |
| control field | 20220117150749.0 |
| 008 - FIXED-LENGTH DATA ELEMENTS--GENERAL INFORMATION | |
| fixed length control field | 181210s2010 ph ||||| |||| 00| 0 eng d |
| 020 ## - INTERNATIONAL STANDARD BOOK NUMBER | |
| International Standard Book Number | 9716857207 |
| 040 ## - CATALOGING SOURCE | |
| Language of cataloging | eng |
| Description conventions | rda |
| Transcribing agency | URS |
| 050 14 - LIBRARY OF CONGRESS CALL NUMBER | |
| Classification number | QA 107.2 |
| Item number | F9628 2010 |
| 245 00 - TITLE STATEMENT | |
| Title | Fundamentals of mathematics 1 / |
| Statement of responsibility, etc. | Elvira L. Arellano, [and three others]. |
| 264 #1 - PRODUCTION, PUBLICATION, DISTRIBUTION, MANUFACTURE, AND COPYRIGHT NOTICE | |
| Place of production, publication, distribution, manufacture | Quezon City : |
| Name of producer, publisher, distributor, manufacturer | Lorimar Publishing, |
| Date of production, publication, distribution, manufacture, or copyright notice | 2010. |
| 300 ## - PHYSICAL DESCRIPTION | |
| Extent | iv, 248 pages |
| Other physical details | illustrations |
| Dimensions | 25 cm |
| 336 ## - CONTENT TYPE | |
| Content type term | text |
| Content type code | txt |
| Source | rdacontent |
| 337 ## - MEDIA TYPE | |
| Media type term | unmediated |
| Media type code | n |
| Source | rdamedia |
| 338 ## - CARRIER TYPE | |
| Carrier type term | volume |
| Carrier type code | nc |
| Source | rdacarrier |
| 650 #0 - SUBJECT ADDED ENTRY--TOPICAL TERM | |
| Topical term or geographic name entry element | Mathematics |
| 700 1# - ADDED ENTRY--PERSONAL NAME | |
| Personal name | Arellano, Elvira L. |
| Relator term | author |
| 700 1# - ADDED ENTRY--PERSONAL NAME | |
| Personal name | Go, Belinda M. |
| Relator term | author |
| 700 1# - ADDED ENTRY--PERSONAL NAME | |
| Personal name | Camarista, Genesis G. |
| Relator term | author |
| 700 1# - ADDED ENTRY--PERSONAL NAME | |
| Personal name | Villalon, Julio J. |
| Relator term | author |
| 942 ## - ADDED ENTRY ELEMENTS (KOHA) | |
| Koha item type | Filipiniana |
| Source of classification or shelving scheme | Library of Congress Classification |
| Withdrawn status | Damaged status | Not for loan | Collection code | Home library | Current library | Shelving location | Date acquired | Source of acquisition | Cost, normal purchase price | Total Checkouts | Full call number | Barcode | Date last seen | Price effective from | Koha item type | Date last checked out |
|---|---|---|---|---|---|---|---|---|---|---|---|---|---|---|---|---|
| Non-fiction | Tanay College Library | Tanay College Library | New Materials Shelf | 12/02/2015 | Purchase | 350.00 | QA 107.2 F9628 2010 | URSTAN-N1737 | 12/02/2015 | 03/10/2016 | Filipiniana | |||||
| Non-fiction | Tanay College Library | Tanay College Library | New Materials Shelf | 12/02/2015 | Purchase | 350.00 | 1 | QA 107.2 F9628 2010 | URSTAN-N1738 | 12/10/2018 | 03/10/2016 | Filipiniana | 06/26/2018 | |||
| Non-fiction | Tanay College Library | Tanay College Library | New Materials Shelf | 12/02/2015 | Purchase | 350.00 | QA 107.2 F9628 2010 | URSTAN-N1739 | 12/02/2015 | 03/10/2016 | Filipiniana |